[Event "Oviedo op 7th"]
[Site "Oviedo"]
[Date "2019.07.15"]
[Round "1"]
[White "Grigoryan, Karen H"]
[Black "Magallanes, Gustavo"]
[Result "1-0"]
[WhiteElo "2549"]
[BlackElo "1951"]
[PlyCount "103"]
[EventDate "2019.07.15"]
[EventType "swiss"]
[EventRounds "9"]
[EventCountry "ESP"]
[SourceTitle "CBM 191 Extra"]
[Source "ChessBase"]
[SourceDate "2019.09.30"]
[SourceVersion "1"]
[SourceVersionDate "2019.09.30"]
[SourceQuality "1"]

1. e4 c5 2. Nf3 e6 3. b3 Nc6 4. Bb2 a6 5. c4 d6 6. d4 cxd4 7. Nxd4 Qc7 8. Nc3 Nf6 9. Be2 Be7 10. 0-0 0-0 11. Rc1 Rd8 12. Nd5 exd5 13. cxd5 Bd7 14. dxc6 bxc6 15. Qc2 c5 16. Bf3 Rac8 17. Rfd1 Qb6 18. Ne2 Bc6 19. Ng3 Bd7 20. Be2 a5 21. Bc4 a4 22. bxa4 Bxa4 23. Qxa4 Qxb2 24. Nf5 Bf8 25. Rb1 Qe5 26. Ng3 Ra8 27. Qc6 Qe8 28. Qxe8 Rxe8 29. Rb7 Re7 30. Rb6 Rd7 31. f3 g6 32. e5 dxe5 33. Rxd7 Nxd7 34. Rb7 Ra4 35. Bd5 Nf6 36. Bxf7+ Kh8 37. Bb3 Ra6 38. Rb8 Kg7 39. Ne2 e4 40. Nf4 Bd6 41. Ne6+ Kh6 42. Rb7 exf3 43. gxf3 Be5 44. f4 Bc3 45. Kg2 Rc6 46. Bc4 Rc8 47. Ng5 Bd4 48. Nf7+ Kg7 49. Nd6+ Kh6 50. Nf7+ Kh5 51. Be2+ Kh4 52. Rb3 1-0

[Event "Barcelona 150 aniversity 4"]
[Site "Barcelona"]
[Date "2019.06.21"]
[Round "9.4"]
[White "Solsona Olive, Xavier"]
[Black "Magallanes, Gustavo"]
[Result "0-1"]
[WhiteElo "1842"]
[BlackElo "1951"]
[PlyCount "62"]
[EventDate "2019.04.26"]
[EventType "swiss"]
[EventRounds "9"]
[EventCountry "ESP"]
[SourceTitle "EXT 2024"]
[Source "ChessBase"]
[SourceDate "2023.10.10"]
[SourceVersion "1"]
[SourceVersionDate "2023.10.10"]
[SourceQuality "1"]

1. e4 c5 2. c3 e6 3. d4 d5 4. dxc5 Bxc5 5. exd5 exd5 6. Be2 Nf6 7. Nf3 0-0 8. 0-0 Nc6 9. Bg5 Be6 10. Nbd2 h6 11. Bh4 g5 12. Bg3 Ne4 13. Nb3 Nxg3 14. hxg3 Bb6 15. Nfd4 Qd6 16. Re1 Rae8 17. Bd3 Ne5 18. Nf5 Bxf5 19. Bxf5 Nc6 20. Kh1 Bxf2 21. Rf1 Qxg3 22. Qh5 Qh4+ 23. Qxh4 Bxh4 24. Nc5 Re3 25. Rad1 Bg3 26. Nd7 Rd8 27. Rxd5 Kg7 28. Rdd1 h5 29. Bc2 Bf4 30. Bb3 Ne7 31. Rf3 Rxd7 0-1

[Event "Barcelona 150 aniversity 4"]
[Site "Barcelona"]
[Date "2019.06.14"]
[Round "8.2"]
[White "Magallanes, Gustavo"]
[Black "Perez Cuadrado, Eduardo"]
[Result "1-0"]
[WhiteElo "1951"]
[BlackElo "1744"]
[PlyCount "53"]
[EventDate "2019.04.26"]
[EventType "swiss"]
[EventRounds "9"]
[EventCountry "ESP"]
[SourceTitle "EXT 2024"]
[Source "ChessBase"]
[SourceDate "2023.10.10"]
[SourceVersion "1"]
[SourceVersionDate "2023.10.10"]
[SourceQuality "1"]

1. e4 d5 2. exd5 Nf6 3. d4 Qxd5 4. Nf3 a6 5. c4 Qd8 6. Nc3 e6 7. Be2 Be7 8. Bg5 Nbd7 9. 0-0 0-0 10. Qc2 h6 11. Bh4 Nh5 12. Bxe7 Qxe7 13. Ne5 Nf4 14. Bf3 Nxe5 15. dxe5 f5 16. exf6 Qxf6 17. Rfe1 e5 18. Qe4 Nxg2 19. Bxg2 Qxf2+ 20. Kh1 Qxb2 21. Nd5 Rf2 22. Rf1 Kh8 23. Rxf2 Qxf2 24. Rf1 Qc5 25. Qg6 Qd6 26. Qe8+ Kh7 27. Be4+ 1-0

[Event "Barcelona 150 aniversity 4"]
[Site "Barcelona"]
[Date "2019.05.03"]
[Round "2.4"]
[White "Magallanes, Gustavo"]
[Black "Dominguez Laguna, Eduard"]
[Result "1-0"]
[WhiteElo "1951"]
[BlackElo "1785"]
[PlyCount "91"]
[EventDate "2019.04.26"]
[EventType "swiss"]
[EventRounds "9"]
[EventCountry "ESP"]
[SourceTitle "EXT 2024"]
[Source "ChessBase"]
[SourceDate "2023.10.10"]
[SourceVersion "1"]
[SourceVersionDate "2023.10.10"]
[SourceQuality "1"]

1. e4 e5 2. Bc4 Nf6 3. Qe2 Nc6 4. c3 Na5 5. Bb5 a6 6. Ba4 b5 7. Bc2 Nc6 8. Nf3 Bc5 9. Nxe5 Nxe5 10. d4 Qe7 11. dxc5 Qxc5 12. Be3 Qe7 13. Nd2 Bb7 14. h3 0-0 15. 0-0 Rfe8 16. Bg5 h6 17. Bh4 Ng6 18. Bxf6 Qxf6 19. Qg4 Re5 20. Nf3 h5 21. Qg3 Nf4 22. Rfe1 Re7 23. Re3 Rae8 24. Rae1 d6 25. Nd4 Bc8 26. Rf3 g5 27. h4 c5 28. hxg5 Qg6 29. Rxf4 cxd4 30. Rf6 Qg7 31. cxd4 d5 32. e5 Bg4 33. Qf4 Be6 34. Rh6 Bg4 35. f3 Be6 36. Rxh5 Rc7 37. Bd3 Rec8 38. Rh7 Qxh7 39. Bxh7+ Kxh7 40. Kh2 Rh8 41. Kg3 Kg8 42. Qf6 Rc8 43. g6 b4 44. gxf7+ Bxf7 45. e6 Bh5 46. Re5 1-0

[Event "Barcelona Tres Peons-D 47th"]
[Site "Barcelona"]
[Date "2018.04.27"]
[Round "1.1"]
[White "Magallanes, Gustavo"]
[Black "Munoz Lozano, Jorge Manuel"]
[Result "0-1"]
[WhiteElo "1959"]
[BlackElo "1747"]
[PlyCount "66"]
[EventDate "2018.04.27"]
[EventType "tourn"]
[EventRounds "9"]
[EventCountry "ESP"]
[SourceTitle "EXT 2024"]
[Source "ChessBase"]
[SourceDate "2023.10.10"]
[SourceVersion "1"]
[SourceVersionDate "2023.10.10"]
[SourceQuality "1"]

1. e4 g6 2. d4 Bg7 3. h4 h5 4. Nc3 d6 5. Be3 a6 6. Qd2 b5 7. f3 Bb7 8. Nh3 Nd7 9. Ng5 c5 10. Be2 cxd4 11. Bxd4 Ngf6 12. a4 b4 13. Nd1 a5 14. Bc4 0-0 15. g4 hxg4 16. h5 gxh5 17. fxg4 Qc7 18. Bd3 d5 19. e5 Nxe5 20. gxh5 Ne4 21. Bxe4 dxe4 22. Qe2 Nf3+ 23. Nxf3 exf3 24. Rg1 e5 25. Bxe5 fxe2 26. Bxc7 exd1Q+ 27. Rxd1 Kh7 28. Bf4 Rad8 29. Bd6 Rfe8+ 30. Kf2 Bh6 31. Rg3 Re6 32. Rgd3 Ba6 33. Rd5 Bc4 0-1

[Event "Barcelona Tres Peons-D 46th"]
[Site "Barcelona"]
[Date "2017.05.19"]
[Round "5.2"]
[White "Magallanes, Gustavo"]
[Black "Collell Rodriguez, Victor"]
[Result "0-1"]
[WhiteElo "1965"]
[BlackElo "1866"]
[PlyCount "94"]
[EventDate "2017.04.21"]
[EventType "swiss"]
[EventRounds "9"]
[EventCountry "ESP"]
[SourceTitle "EXT 2024"]
[Source "ChessBase"]
[SourceDate "2023.10.10"]
[SourceVersion "1"]
[SourceVersionDate "2023.10.10"]
[SourceQuality "1"]

1. e4 e6 2. d4 d5 3. Nc3 Bb4 4. Nge2 Nf6 5. a3 Be7 6. e5 Nfd7 7. Nf4 c5 8. Qg4 g6 9. Bd3 cxd4 10. Nxe6 fxe6 11. Bxg6+ hxg6 12. Qxg6+ Kf8 13. Bh6+ Rxh6 14. Qxh6+ Ke8 15. Qg6+ Kf8 16. Qh6+ Ke8 17. Qh5+ Kf8 18. Qh8+ Kf7 19. Qh7+ Kf8 20. Ne2 Qa5+ 21. Kf1 Nc6 22. f4 b6 23. h4 Ke8 24. Qg6+ Kd8 25. Qxe6 Kc7 26. Qg6 Ba6 27. Rh3 Rf8 28. Rf3 Qd2 29. Re1 Rxf4 30. Rxf4 Qxf4+ 31. Kg1 Qe3+ 32. Kh2 Bxe2 33. e6 Nde5 34. Qg3 Qxg3+ 35. Kxg3 Bh5 36. Rf1 Kd6 37. Rf5 Bg6 38. Rf2 Kxe6 39. Kh3 Bf5+ 40. Kg3 Bd6 41. Re2 Kf6 42. Kf2 Ng4+ 43. Ke1 Ne3 44. Kd2 Bf4 45. Rf2 Ke5 46. Re2 Bxc2 47. g4 Na5 0-1

[Event "Barcelona Tres Peons-D 46th"]
[Site "Barcelona"]
[Date "2017.05.05"]
[Round "3.3"]
[White "Magallanes, Gustavo"]
[Black "Torrents Ludewig, Miguel"]
[Result "1-0"]
[WhiteElo "1965"]
[BlackElo "1890"]
[PlyCount "57"]
[EventDate "2017.04.21"]
[EventType "swiss"]
[EventRounds "9"]
[EventCountry "ESP"]
[SourceTitle "EXT 2024"]
[Source "ChessBase"]
[SourceDate "2023.10.10"]
[SourceVersion "1"]
[SourceVersionDate "2023.10.10"]
[SourceQuality "1"]

1. e4 e5 2. Nc3 Nf6 3. f4 d5 4. fxe5 Nxe4 5. Nf3 Bc5 6. Qe2 Bf5 7. Nd1 d4 8. c3 Nc6 9. d3 Nxc3 10. bxc3 dxc3 11. Nxc3 Nd4 12. Nxd4 Qxd4 13. Bb2 Bg4 14. Qd2 Qxe5+ 15. Ne2 Qe7 16. Rc1 Be3 17. Qc3 Bxc1 18. Bxc1 0-0-0 19. Kf2 Rhe8 20. Ng3 Qe6 21. Ne4 f5 22. Bf4 Rd7 23. Nc5 Qxa2+ 24. Kg3 Rde7 25. d4 h6 26. Bc4 g5 27. Bxa2 gxf4+ 28. Kxf4 Re2 29. Be6+ 1-0

[Event "Barcelona Tres Peons-D 46th"]
[Site "Barcelona"]
[Date "2017.04.21"]
[Round "1.4"]
[White "Magallanes, Gustavo"]
[Black "Corominas Garrido, Jordi"]
[Result "1/2-1/2"]
[WhiteElo "1965"]
[BlackElo "1884"]
[PlyCount "69"]
[EventDate "2017.04.21"]
[EventType "swiss"]
[EventRounds "9"]
[EventCountry "ESP"]
[SourceTitle "EXT 2024"]
[Source "ChessBase"]
[SourceDate "2023.10.10"]
[SourceVersion "1"]
[SourceVersionDate "2023.10.10"]
[SourceQuality "1"]

1. e4 e6 2. d4 d5 3. Nc3 Nf6 4. Bg5 Bb4 5. e5 h6 6. Bc1 Ne4 7. Qg4 Kf8 8. Nge2 c5 9. a3 Qa5 10. axb4 Qxa1 11. Nxd5 Nc6 12. Qxe4 Nxd4 13. Ndc3 Nxe2 14. Nxe2 cxb4 15. Qxb4+ Kg8 16. h4 b6 17. Rh3 Qa6 18. Nf4 Qb7 19. Rd3 Kh7 20. Rd6 Rg8 21. Bd3+ Kh8 22. Be4 Qb8 23. Bxa8 Qxa8 24. Qd4 g5 25. hxg5 hxg5 26. Ne2 Qxg2 27. Rd8 Ba6 28. Rxg8+ Kxg8 29. Qd8+ Kh7 30. Qd4 Qh1+ 31. Kd2 Bxe2 32. Qe3 Bh5 33. Qxg5 Qd5+ 34. Kc3 Bg6 35. Qh4+ 1/2-1/2

[Event "Barcelona Sants op-B 18th"]
[Site "Barcelona"]
[Date "2016.08.25"]
[Round "7"]
[White "Flores Mendoza, Jose Antonio"]
[Black "Magallanes, Gustavo"]
[Result "0-1"]
[WhiteElo "1881"]
[BlackElo "1980"]
[PlyCount "126"]
[EventDate "2016.08.19"]
[EventType "swiss"]
[EventRounds "10"]
[EventCountry "ESP"]
[SourceTitle "CBM 174 Extra"]
[Source "ChessBase"]
[SourceDate "2016.10.10"]
[SourceVersion "1"]
[SourceVersionDate "2016.10.10"]
[SourceQuality "1"]

1. d4 Nf6 2. c4 c5 3. d5 b5 4. cxb5 a6 5. f3 Qa5+ 6. Bd2 Qxb5 7. Bc3 d6 8. e4 Qb7 9. Na3 g6 10. Nc4 Bg7 11. Bd3 0-0 12. Ne2 Ne8 13. Bxg7 Kxg7 14. Qd2 e6 15. Nc3 Bd7 16. a4 f5 17. 0-0 e5 18. a5 Ra7 19. exf5 Bxf5 20. Bxf5 gxf5 21. Qg5+ Kh8 22. Qh6 Rf6 23. Qh5 Ng7 24. Qg5 Qf7 25. Na4 Rb7 26. Nab6 Nd7 27. b4 cxb4 28. Nxd7 Rxd7 29. Nb6 Rc7 30. Rac1 Rc5 31. Nd7 Rxc1 32. Rxc1 Rg6 33. Qd8+ Ne8 34. Nb8 Rg8 35. Nxa6 Qxd5 36. Qb6 Qxf3 37. Qf2 Qe4 38. Nc7 Nxc7 39. Rxc7 Qb1+ 40. Qf1 Qxf1+ 41. Kxf1 Ra8 42. Rb7 Rxa5 43. Rxb4 Ra7 44. g4 f4 45. h4 Kg7 46. Kf2 Kf6 47. Kf3 Ke6 48. Rb3 h6 49. Rc3 Ra1 50. Rc8 Ra3+ 51. Kf2 Rg3 52. Rh8 Rxg4 53. Rxh6+ Kd5 54. h5 Rh4 55. Rh8 Ke4 56. h6 d5 57. h7 d4 58. Ke2 Rh2+ 59. Kf1 d3 60. Kg1 Rh5 61. Kf2 Rh6 62. Kf1 Kf3 63. Ke1 Ke3 0-1

[Event "Barcelona Sants op-B 18th"]
[Site "Barcelona"]
[Date "2016.08.24"]
[Round "6"]
[White "Magallanes, Gustavo"]
[Black "Baeza Labat, Josep Miguel"]
[Result "0-1"]
[WhiteElo "1980"]
[BlackElo "1992"]
[PlyCount "102"]
[EventDate "2016.08.19"]
[EventType "swiss"]
[EventRounds "10"]
[EventCountry "ESP"]
[SourceTitle "CBM 174 Extra"]
[Source "ChessBase"]
[SourceDate "2016.10.10"]
[SourceVersion "1"]
[SourceVersionDate "2016.10.10"]
[SourceQuality "1"]

1. e4 e5 2. Nc3 Nf6 3. Bc4 Nxe4 4. Qh5 Nd6 5. Qxe5+ Qe7 6. Qxe7+ Bxe7 7. Bb3 0-0 8. Nf3 c6 9. 0-0 Ne8 10. Re1 Bd8 11. d4 d5 12. Bf4 Bf5 13. Re3 Nd7 14. Rae1 Bf6 15. h3 h5 16. Nb1 g6 17. Nbd2 Ng7 18. c3 Rfe8 19. Ne5 Nxe5 20. Bxe5 Bxe5 21. Rxe5 Rxe5 22. Rxe5 Re8 23. c4 Rxe5 24. dxe5 d4 25. c5 Be6 26. Bc4 a5 27. Bxe6 Nxe6 28. Ne4 g5 29. g4 h4 30. b3 Kg7 31. a3 Kg6 32. b4 axb4 33. axb4 Nf4 34. Nd6 Nxh3+ 35. Kf1 Nf4 36. Nf5 d3 37. Ne3 h3 38. Kg1 Nd5 39. Nc4 Nxb4 40. Kh2 Na6 41. Kxh3 Nxc5 42. Nd2 Nd7 43. Kg3 Nxe5 44. f4 gxf4+ 45. Kxf4 Nd7 46. Ke3 Kg5 47. Kxd3 Kxg4 48. Ne4 f5 49. Nd6 b6 50. Nc4 Kg3 51. Ke2 f4 0-1

[Event "Barcelona Sant Marti op-A 18th"]
[Site "Barcelona"]
[Date "2016.07.20"]
[Round "8"]
[White "Magallanes, Gustavo"]
[Black "Ferre Campos, Josep"]
[Result "1-0"]
[WhiteElo "1989"]
[BlackElo "1970"]
[PlyCount "97"]
[EventDate "2016.07.13"]
[EventType "swiss"]
[EventRounds "9"]
[EventCountry "ESP"]
[SourceTitle "CBM 173 Extra"]
[Source "ChessBase"]
[SourceDate "2016.08.29"]
[SourceVersion "1"]
[SourceVersionDate "2016.08.29"]
[SourceQuality "1"]

1. e4 c5 2. Nf3 d6 3. c3 Nf6 4. Bc4 e6 5. d3 a6 6. a4 b6 7. 0-0 Nbd7 8. Re1 Qc7 9. Bf4 Ne5 10. Nxe5 dxe5 11. Bg3 Bd6 12. Nd2 Bb7 13. Rc1 g6 14. d4 Nh5 15. d5 exd5 16. exd5 Nxg3 17. hxg3 0-0-0 18. b4 f5 19. Qe2 Kb8 20. Nf3 e4 21. Ng5 Qe7 22. Ne6 Rd7 23. bxc5 Bxc5 24. Nxc5 Qxc5 25. Bxa6 Rxd5 26. Rb1 Qa5 27. Bxb7 Kxb7 28. Rb4 Rc8 29. Qb2 Rdc5 30. Rb1 R8c6 31. c4 Rxc4 32. Rb5 Qa6 33. a5 Rc1+ 34. Rxc1 Rxc1+ 35. Kh2 Rc6 36. Qg7+ Rc7 37. Qe5 Rc6 38. Qe7+ Rc7 39. Qe8 Rc6 40. Qd7+ Rc7 41. Qd5+ Kc8 42. Qe6+ Rd7 43. Qc6+ Kd8 44. axb6 Qb7 45. Qf6+ Re7 46. Qd4+ Ke8 47. Rd5 Kf7 48. Rd6 Qc8 49. Qf6+ 1-0

[Event "Barcelona Sant Marti op-A 18th"]
[Site "Barcelona"]
[Date "2016.07.19"]
[Round "7"]
[White "Magallanes, Gustavo"]
[Black "Martin Perez, Laura"]
[Result "0-1"]
[WhiteElo "1989"]
[BlackElo "2104"]
[PlyCount "142"]
[EventDate "2016.07.13"]
[EventType "swiss"]
[EventRounds "9"]
[EventCountry "ESP"]
[SourceTitle "CBM 173 Extra"]
[Source "ChessBase"]
[SourceDate "2016.08.29"]
[SourceVersion "1"]
[SourceVersionDate "2016.08.29"]
[SourceQuality "1"]

1. e4 c5 2. Nf3 d6 3. c3 Nf6 4. Bc4 Nc6 5. Qe2 e6 6. 0-0 Be7 7. d4 cxd4 8. cxd4 Nxe4 9. Bxe6 Bxe6 10. Qxe4 d5 11. Qd3 0-0 12. a3 Bf6 13. h3 Qb6 14. Rd1 h6 15. Nc3 Rac8 16. b4 Nxd4 17. Nxd4 Qxd4 18. Qxd4 Bxd4 19. Rxd4 Rxc3 20. Be3 a6 21. a4 Rfc8 22. b5 axb5 23. axb5 Rb3 24. b6 Rxb6 25. Rxd5 Rb3 26. Rd6 b5 27. Rb6 Rc2 28. Kh2 Bd5 29. Kg3 Rc4 30. Rd1 Be6 31. Rd8+ Kh7 32. Rdb8 b4 33. Kh2 Rb2 34. Kg3 Re4 35. Kh2 b3 36. Kg3 Rc2 37. Rb5 Rc3 38. Kh2 Ra4 39. R5b6 Rd3 40. Kg3 Ra2 41. Rb4 Bd5 42. h4 Rxe3+ 43. fxe3 Rxg2+ 44. Kh3 Rb2 45. e4 Be6+ 46. Kg3 Rb1 47. R8b6 Rg1+ 48. Kh2 Rg4 49. Rxe6 fxe6 50. Kh3 h5 51. Rxb3 Rxe4 52. Rb5 Kh6 53. Rg5 Re3+ 54. Kg2 g6 55. Ra5 Re4 56. Kh3 Kg7 57. Ra7+ Kf6 58. Ra6 Rg4 59. Ra5 e5 60. Ra6+ Kf5 61. Ra8 e4 62. Re8 Kf4 63. Rf8+ Ke3 64. Re8 Kf3 65. Rf8+ Rf4 66. Rg8 Rf6 67. Ra8 e3 68. Ra3 Kf2 69. Ra1 e2 70. Rh1 e1Q 71. Rg1 Rf3+ 0-1

[Event "Barcelona Tres Peons-B 45th"]
[Site "Barcelona"]
[Date "2016.05.20"]
[Round "6.4"]
[White "Lopez Atay, Diana Ruth"]
[Black "Magallanes, Gustavo"]
[Result "0-1"]
[WhiteElo "1993"]
[BlackElo "1996"]
[PlyCount "120"]
[EventDate "2016.04.15"]
[EventType "swiss"]
[EventRounds "9"]
[EventCountry "ESP"]
[SourceTitle "EXT 2024"]
[Source "ChessBase"]
[SourceDate "2023.10.10"]
[SourceVersion "1"]
[SourceVersionDate "2023.10.10"]
[SourceQuality "1"]

1. e4 c5 2. Nc3 e6 3. f4 Nc6 4. Nf3 Nge7 5. Bb5 d5 6. 0-0 a6 7. Bxc6+ Nxc6 8. f5 d4 9. fxe6 Bxe6 10. Ne2 Bd6 11. d3 Bg4 12. Ng5 f6 13. e5 Bxe5 14. Ne4 Qe7 15. h3 Bh5 16. Bf4 Bxf4 17. Rxf4 Bxe2 18. Qxe2 0-0 19. Re1 Ne5 20. Ng3 Qc7 21. Nh5 Rae8 22. Qf2 Qf7 23. Rf5 b6 24. Rf1 Qe7 25. g4 Ng6 26. Ng3 Qe3 27. Rf3 Qxf2+ 28. R1xf2 Re1+ 29. Rf1 Rxf1+ 30. Rxf1 Re8 31. Ne4 Ne5 32. b3 Nc6 33. a3 Re6 34. Kg2 Ne7 35. Kg3 Nd5 36. Rf2 h6 37. h4 Ne3 38. Kh3 Kf8 39. Kg3 Ke7 40. Kh3 Re5 41. Ng3 g6 42. h5 gxh5 43. Nxh5 f5 44. gxf5 Rxf5 45. Nf4 Nxc2 46. Rxc2 Rxf4 47. Kg3 Rf5 48. b4 Kd6 49. Kg4 Rf6 50. bxc5+ bxc5 51. Rb2 Kc6 52. Re2 Kd5 53. Rh2 Kc6 54. Rb2 Rg6+ 55. Kf4 h5 56. Rh2 Rh6 57. Kg5 Rh8 58. Re2 h4 59. Rh2 h3 60. Kf4 Kd5 0-1

[Event "Barcelona Tres Peons-B 45th"]
[Site "Barcelona"]
[Date "2016.04.29"]
[Round "3.4"]
[White "Magallanes, Gustavo"]
[Black "Sama Salinas, Alejandro"]
[Result "1/2-1/2"]
[WhiteElo "1996"]
[BlackElo "1716"]
[PlyCount "24"]
[EventDate "2016.04.15"]
[EventType "swiss"]
[EventRounds "9"]
[EventCountry "ESP"]
[SourceTitle "EXT 2024"]
[Source "ChessBase"]
[SourceDate "2023.10.10"]
[SourceVersion "1"]
[SourceVersionDate "2023.10.10"]
[SourceQuality "1"]

1. e4 c5 2. c3 e6 3. d4 d5 4. e5 Nc6 5. Nf3 Bd7 6. Be2 Nh6 7. a3 c4 8. 0-0 Na5 9. Nbd2 Bc6 10. b4 cxb3 11. Nxb3 Ba4 12. Nfd2 Qc7 1/2-1/2

[Event "Barcelona Sant Marti op-A 5th"]
[Site "Barcelona"]
[Date "2016.02.11"]
[Round "5"]
[White "Parayre Soguero, Jordi"]
[Black "Magallanes, Gustavo"]
[Result "0-1"]
[WhiteElo "1873"]
[BlackElo "2020"]
[PlyCount "116"]
[EventDate "2016.01.14"]
[EventType "swiss"]
[EventRounds "9"]
[EventCountry "ESP"]
[SourceTitle "EXT 2017"]
[Source "ChessBase"]
[SourceDate "2016.10.25"]
[SourceVersion "1"]
[SourceVersionDate "2016.10.25"]
[SourceQuality "1"]

1. d4 Nf6 2. Nf3 c5 3. d5 b5 4. Bg5 Ne4 5. e3 Nxg5 6. Nxg5 e6 7. Nxf7 Kxf7 8. dxe6+ Kxe6 9. Qg4+ Kd6 10. Bxb5 Kc7 11. Nc3 Bb7 12. 0-0 h5 13. Qa4 Qg5 14. e4 Bd6 15. Rad1 Rh6 16. Bc4 a6 17. Bd5 Rg6 18. g3 Nc6 19. Bxc6 Bxc6 20. Qa5+ Kb7 21. Nd5 h4 22. Rd3 c4 23. Qb6+ Kc8 24. e5 Bxd5 25. Rxd5 Bc7 26. Qc5 Rc6 27. Qf8+ Kb7 28. Qf3 hxg3 29. fxg3 Rh8 30. Rxd7 Qh6 31. h4 Qe6 32. Qf7 Qxe5 33. Qxg7 Qe3+ 34. Rf2 Qe1+ 35. Kg2 Qe4+ 36. Kg1 Re8 37. Qc3 Kc8 38. Rff7 Bb6+ 39. Kh2 Qe2+ 40. Kh3 Qe4 41. h5 Qh1+ 42. Kg4 Rg8+ 43. Rg7 Qe4+ 44. Kh3 Qf5+ 45. g4 Qf1+ 46. Kh4 Bd8+ 47. Rxd8+ Rxd8 48. h6 Rxh6+ 49. Kg5 Qc1+ 50. Kf5 Rf8+ 51. Ke5 Qf4+ 52. Kd5 Rd8+ 53. Kc5 Qd6+ 54. Kxc4 Qd5+ 55. Kb4+ Rc6 56. Qe3 Qb5+ 57. Ka3 Qa5+ 58. Kb3 Rb6+ 0-1

[Event "Barcelona Puig op 1st"]
[Site "Barcelona"]
[Date "2015.11.25"]
[Round "9.10"]
[White "Albert Cristobal, Jorge"]
[Black "Magallanes, Gustavo"]
[Result "1-0"]
[WhiteElo "1980"]
[BlackElo "2147"]
[PlyCount "48"]
[EventDate "2015.09.30"]
[EventType "swiss"]
[EventRounds "9"]
[EventCountry "ESP"]
[SourceTitle "EXT 2024"]
[Source "ChessBase"]
[SourceDate "2023.10.10"]
[SourceVersion "1"]
[SourceVersionDate "2023.10.10"]
[SourceQuality "1"]

1. e4 c5 2. Nf3 Nc6 3. d4 cxd4 4. Nxd4 e6 5. Nc3 Qc7 6. Be2 a6 7. Be3 Nf6 8. 0-0 Bb4 9. Na4 0-0 10. Nxc6 bxc6 11. f4 d5 12. e5 Ne4 13. Bd3 f5 14. Rc1 Be7 15. c4 Rb8 16. cxd5 exd5 17. Qc2 Bb7 18. Bxe4 fxe4 19. Qc3 h5 20. g3 Qd8 21. Bd4 Qe8 22. e6 Bf6 23. f5 Qe7 24. Nb6 Qc7 1-0